000 nam a22 a 4500
999 _c348410
_d348410
003 BLK
005 20220224150244.0
008 200203b bu ||||| |||| 00| 0 bu d
020 _a9789540913575
040 _aBLK
041 _aBUL
_cBUL
080 _aБългарска литература
_b821.163.2
_x-1
_z821.163.2-1
100 _9332991
_aВеселинов, Искрен Василев
_eпърви автор
139 _aВеселинов, Искрен Василев
_bВ 51
245 _aПовиках мрака
_cВъглемир Тъжин
260 _9209473
_aСофия
_bЗахарий Стоянов
_c2020
_fСофия : Миг принт
_n978-954-739- ; 978-954-09- ; 954-9559-
300 _a88 с. : с ил.
_c20 см
380 _aX
500 _aВъглемир Тъжин - псевд. на Искрен Веселинов. - За авт. - Автогр.
852 _bП
_aК 821.163.2/В 51 Т
942 _2udc
_cKNG
_n0
_s1
_01
999 _d348410